000 00351nam a2200145Ia 4500
008 230724s2010 xx 000 0 und d
041 _aeng
082 _a364.3/MAL
100 _aMallick M.R.
245 _aCriminal Manual
250 _a2010Ed
260 _aNew Delhi
_bProfessional Book Pub.
_c2010
300 _a260p.
650 _aCRIMINAL MANNUAL
999 _c747881
_d747881